Faculty of Law Library — Cairo University

Official Online Catalog

ENQUÊTE PARLEMENTAIRE SUR LE RÉGIME DES ÉTABLISSEMENTS PÉNITENTIAIRES. (Record no. 73398)

MARC details
000 -LEADER
fixed length control field 01184nam a2200313 i 4500
003 - CONTROL NUMBER IDENTIFIER
control field EG-GICUC
005 - DATE AND TIME OF LATEST TRANSACTION
control field 20260426083826.0
008 - FIXED-LENGTH DATA ELEMENTS--GENERAL INFORMATION
fixed length control field 260426s1873 fr |||fr|||| 00| 0 fra d
040 ## - CATALOGING SOURCE
Original cataloging agency EG-GiCUC
Language of cataloging fre
Transcribing agency EG-GiCUC
Modifying agency EG-GiCUC
Description conventions Rda
041 ## - LANGUAGE CODE
Language code of text/sound track or separate title fre
082 04 - DEWEY DECIMAL CLASSIFICATION NUMBER
Edition number 21
Classification number 343.7662
Item number EN
092 04 - LOCALLY ASSIGNED DEWEY CALL NUMBER (OCLC)
Edition number 21
099 ## - LOCAL FREE-TEXT CALL NUMBER (OCLC)
Classification number Law1 10 343.7662 EN
245 00 - TITLE STATEMENT
Title ENQUÊTE PARLEMENTAIRE SUR LE RÉGIME DES ÉTABLISSEMENTS PÉNITENTIAIRES.
Number of part/section of a work Tome 1,
Name of part/section of a work PROCÈS-VERBAUX DE LA COMMISSION COMPTE-RENDU DES DEPOSITIONS DES TÉMOINS.
264 #1 - PRODUCTION, PUBLICATION, DISTRIBUTION, MANUFACTURE, AND COPYRIGHT NOTICE
Place of production, publication, distribution, manufacture Versailles :
Name of producer, publisher, distributor, manufacturer CERF ET FILS, IMPRIMEURS DE L'ASSEMBLÉE NATIONALE,
Date of production, publication, distribution, manufacture, or copyright notice 1873.
300 ## - PHYSICAL DESCRIPTION
Extent 519 page ;
Dimensions 24 cm.
Other physical details illustration ;
336 ## - CONTENT TYPE
Source rda contenu
Content type term texte
337 ## - MEDIA TYPE
Source rda medias
Media type term Ordinateur
338 ## - CARRIER TYPE
Source transporteur rda
Carrier type term Ressource en ligne
490 1# - SERIES STATEMENT
Series statement ASSEMBLÉE NATIONALE ANNEE A87A
Volume/sequential designation N° 1676.
500 ## - GENERAL NOTE
General note Annexe au procès-verbal de la séance du is агь 1873
504 ## - BIBLIOGRAPHY, ETC. NOTE
Bibliography, etc. note Bibliography: pages 200-250. 240-220
546 ## - LANGUAGE NOTE
Language note Texte en français
650 14 - SUBJECT ADDED ENTRY--TOPICAL TERM
Topical term or geographic name entry element Systèmes pénitentiaires
Source of heading or term qrmak
651 1# - SUBJECT ADDED ENTRY--GEOGRAPHIC NAME
Source of heading or term qrmak
856 40 - ELECTRONIC LOCATION AND ACCESS
Uniform Resource Identifier <a href="https://fll.law.cu.edu.eg/fulltext/bks/B10-11102.pdf">https://fll.law.cu.edu.eg/fulltext/bks/B10-11102.pdf</a>
905 ## - Cataloger and Reviser Names
Cataloger Name: Mayar Adel
942 ## - ADDED ENTRY ELEMENTS (KOHA)
Source of classification or shelving scheme Dewey Decimal Classification
Koha item type Books
Edition 21
Suppress in OPAC No
Holdings
Withdrawn status Lost status Source of classification or shelving scheme Damaged status Not for loan Collection Home library Current library Date acquired Total checkouts Full call number Barcode Date last seen Copy number Price effective from Koha item type
    Dewey Decimal Classification   Not for loan القانون الجنائي جــــامعة القــاهرة مكتبة كلية الحقوق - المبنى الرئيسي 26.04.2026   Law1 10 343.7662 EN 1873 1011102 C1 B10-11102 26.04.2026 1 26.04.2026 Books

© All rights reserved — Faculty of Law, Cairo University